Renoir / (Record no. 64907)

MARC details
000 -LEADER
campo de control de longitud fija 00472nam a2200181 i 4500
001 - NÚMERO DE CONTROL
campo de control 64907
003 - IDENTIFICADOR DE NÚMERO DE CONTROL
campo de control ES-MaACL
005 - FECHA Y HORA DE LA ÚLTIMA TRANSACCIÓN
campo de control 20230906165241.0
007 - CAMPO FIJO DE DESCRIPCIÓN FÍSICA--INFORMACIÓN GENERAL
campo de control de longitud fija t|
008 - DATOS DE LONGITUD FIJA--INFORMACIÓN GENERAL
campo de control de longitud fija 040107s1923 fr af |||| |bfre d
080 ## - NÚMERO DE LA CLASIFICACIÓN DECIMAL UNIVERSAL
Número de la Clasificación Decimal Universal 75Renoir
100 1# - ENTRADA PRINCIPAL--NOMBRE DE PERSONA
Nombre de persona Fosca, François.
9 (RLIN) 51889
245 10 - MENCIÓN DEL TÍTULO
Título Renoir /
Mención de responsabilidad, etc. par François Fosca.
260 ## - PUBLICACIÓN, DISTRIBUCIÓN, ETC.
Lugar de publicación, distribución, etc. Paris :
Nombre del editor, distribuidor, etc. F. Rieder,
Fecha de publicación, distribución, etc. 1923.
300 ## - DESCRIPCIÓN FÍSICA
Extensión 63 p., 4 lám. ;
Dimensiones 20 cm.
600 14 - PUNTO DE ACCESO ADICIONAL DE MATERIA--NOMBRE DE PERSONA
Nombre de persona Renoir, Pierre-Auguste.
9 (RLIN) 145174
852 ## - LOCALIZACIÓN
Ubicación ES-MaACL
Número de control de estantería D-601
Holdings
Estatus retirado Estado de pérdida Estado de daño No para préstamo Biblioteca de origen Biblioteca actual Ubicación en estantería Fecha de adquisición Fuente de adquisición Total de préstamos Signatura topográfica completa Código de barras Visto por última vez Precio de reemplazo Tipo de ítem Koha
        Biblioteca del Ateneo de Madrid Biblioteca del Ateneo de Madrid Sala Valle Inclán 17/01/2008     D-601 901068010 23/02/2023 23/02/2023 Libro impreso